Wird geladen...
Microbiology: principles and explorations
| 1. Verfasser: | |
|---|---|
| Weitere Verfasser: | |
| Format: | Printed Book |
| Veröffentlicht: |
Wiley
2015
|
| Schlagworte: |
| LEADER | 00485nam a2200157 4500 | ||
|---|---|---|---|
| 020 | |a 9788126554027 | ||
| 082 | |a 616.9041 |b BLA/M | ||
| 100 | |a Black, Jacquelyn G | ||
| 245 | |a Microbiology: principles and explorations | ||
| 260 | |b Wiley |c 2015 | ||
| 300 | |a 940p | ||
| 650 | |a microbiology | ||
| 700 | |a Black, Laura J | ||
| 942 | |c BK | ||
| 999 | |c 55614 |d 55614 | ||
| 952 | |0 0 |1 0 |4 0 |6 616_904100000000000_BLAM |7 0 |9 62772 |a KUCL |b KUCL |d 2018-11-29 |g 3195.00 |l 0 |o 616.9041 BLA/M |p 46106 |r 2018-11-29 |w 2018-11-29 |y BK | ||